[Event "Penang op-A 14th"]
[Site "Penang"]
[Date "2022.12.23"]
[Round "8"]
[White "Ibnu, Iwan Schani"]
[Black "Nisban, Cyrus"]
[Result "1/2-1/2"]
[WhiteElo "1658"]
[BlackElo "2024"]
[PlyCount "62"]
[EventDate "2022.12.19"]
[EventType "swiss"]
[EventRounds "9"]
[EventCountry "MAS"]
[SourceTitle "CBM 211 Extra"]
[Source "ChessBase"]
[SourceDate "2023.01.31"]
[SourceVersion "1"]
[SourceVersionDate "2023.01.31"]
[SourceQuality "1"]

1. e4 c5 2. Nc3 Nc6 3. g3 g6 4. Bg2 Bg7 5. d3 d6 6. Nge2 e6 7. 0-0 Nge7 8. Be3 Nd4 9. Qd2 0-0 10. Nd1 b6 11. Nxd4 cxd4 12. Bh6 e5 13. c3 dxc3 14. Nxc3 Nc6 15. Bxg7 Kxg7 16. f4 Nd4 17. Ne2 Nxe2+ 18. Qxe2 Ba6 19. Qe3 Rc8 20. Rf2 Qc7 21. d4 f6 22. Bh3 exd4 23. Qxd4 Rce8 24. Rd1 Qc5 25. Bf1 Qxd4 26. Rxd4 Bxf1 27. Kxf1 Rf7 28. Re2 Rfe7 29. Kf2 d5 30. Kf3 dxe4+ 31. Rexe4 f5 1/2-1/2

[Event "Penang op-A 14th"]
[Site "Penang"]
[Date "2022.12.21"]
[Round "5"]
[White "Purnama, Patrick"]
[Black "Ibnu, Iwan Schani"]
[Result "1-0"]
[WhiteElo "1437"]
[BlackElo "1658"]
[PlyCount "83"]
[EventDate "2022.12.19"]
[EventType "swiss"]
[EventRounds "9"]
[EventCountry "MAS"]
[SourceTitle "CBM 211 Extra"]
[Source "ChessBase"]
[SourceDate "2023.01.31"]
[SourceVersion "1"]
[SourceVersionDate "2023.01.31"]
[SourceQuality "1"]

1. d4 Nf6 2. Bf4 e6 3. Nf3 c5 4. e3 d5 5. c3 Nc6 6. Nbd2 Qb6 7. Qb3 c4 8. Qc2 Nh5 9. Bg5 h6 10. Bh4 g5 11. Bg3 f5 12. Be2 Nf6 13. Ne5 Bg7 14. h4 Nxe5 15. Bxe5 g4 16. h5 Bd7 17. b3 cxb3 18. axb3 0-0 19. f3 gxf3 20. gxf3 Be8 21. Bxf6 Bxf6 22. f4 Rc8 23. Rc1 Kh7 24. Nf3 Rg8 25. Kf2 Rc7 26. Rcg1 Rxg1 27. Kxg1 Qa5 28. c4 Qa1+ 29. Kh2 Qa3 30. Nd2 dxc4 31. Nxc4 Qb4 32. Bd3 Bd7 33. Rg1 b5 34. Qg2 Qf8 35. Qg6+ Kh8 36. Nd6 Bc6 37. Bxb5 Bf3 38. Ne8 Rf7 39. Nd6 Rc7 40. Be8 Bg4 41. Nf7+ Rxf7 42. Qxf7 1-0

[Event "Penang op-A 14th"]
[Site "Penang"]
[Date "2022.12.20"]
[Round "2"]
[White "Ibnu, Iwan Schani"]
[Black "Ang, Ern Jie Anderson"]
[Result "0-1"]
[WhiteElo "1658"]
[BlackElo "2121"]
[PlyCount "76"]
[EventDate "2022.12.19"]
[EventType "swiss"]
[EventRounds "9"]
[EventCountry "MAS"]
[SourceTitle "CBM 211 Extra"]
[Source "ChessBase"]
[SourceDate "2023.01.31"]
[SourceVersion "1"]
[SourceVersionDate "2023.01.31"]
[SourceQuality "1"]

1. e4 c6 2. d4 d5 3. e5 c5 4. Bb5+ Nc6 5. c3 a6 6. Bxc6+ bxc6 7. dxc5 a5 8. Ne2 e6 9. Be3 Nh6 10. 0-0 Nf5 11. Bd4 Ba6 12. Re1 Rb8 13. b3 h5 14. Nd2 h4 15. h3 Qc7 16. a3 Be7 17. Nf3 Kf8 18. b4 g6 19. Qd2 Kg7 20. Be3 Bxe2 21. Rxe2 Rh5 22. Bg5 Bxg5 23. Nxg5 Rg8 24. Nf3 Kf8 25. Nd4 g5 26. Nxf5 exf5 27. b5 g4 28. Kh1 Qd7 29. e6 fxe6 30. bxc6 Qxc6 31. Qd4 Rg6 32. Rb1 gxh3 33. gxh3 Rhg5 34. Reb2 e5 35. Rb8+ Kf7 36. R1b7+ Ke6 37. Re7+ Kxe7 38. Qxe5+ Kf7 0-1

[Event "Penang op-A 14th"]
[Site "Penang"]
[Date "2022.12.20"]
[Round "3"]
[White "Yeo, Klaus Lucas"]
[Black "Ibnu, Iwan Schani"]
[Result "0-1"]
[WhiteElo "1107"]
[BlackElo "1658"]
[PlyCount "68"]
[EventDate "2022.12.19"]
[EventType "swiss"]
[EventRounds "9"]
[EventCountry "MAS"]
[SourceTitle "CBM 211 Extra"]
[Source "ChessBase"]
[SourceDate "2023.01.31"]
[SourceVersion "1"]
[SourceVersionDate "2023.01.31"]
[SourceQuality "1"]

1. e4 Nf6 2. Nc3 e5 3. Bc4 Bb4 4. d3 h6 5. Nge2 0-0 6. a3 Ba5 7. 0-0 c6 8. b4 Bb6 9. Be3 Bxe3 10. fxe3 d5 11. exd5 cxd5 12. Bb3 Be6 13. d4 Nc6 14. Qd2 e4 15. Ng3 Ne7 16. Nce2 Ng6 17. Nf4 Rc8 18. c3 Qd7 19. Nxg6 fxg6 20. Ne2 Rc7 21. Qe1 Rfc8 22. Rc1 Kh7 23. Qd2 Bg4 24. Rf2 Bxe2 25. Rxe2 Qg4 26. Bd1 Qg5 27. Rf2 Ne8 28. Be2 Nd6 29. h3 h5 30. Kh2 Nf5 31. g4 Nxe3 32. gxh5 gxh5 33. Bxh5 Qh6 34. Be2 Rf8 0-1

[Event "Puchong op 6th"]
[Site "Puchong"]
[Date "2019.08.25"]
[Round "5"]
[White "Ibnu, Iwan Schani"]
[Black "Nordin, Muhd Syamsul Arif"]
[Result "1-0"]
[WhiteElo "1643"]
[BlackElo "1544"]
[PlyCount "104"]
[EventDate "2019.08.24"]
[EventType "swiss"]
[EventRounds "6"]
[EventCountry "MAS"]
[SourceTitle "EXT 2020"]
[Source "ChessBase"]
[SourceDate "2019.10.17"]
[SourceVersion "1"]
[SourceVersionDate "2019.10.17"]
[SourceQuality "1"]

1. e4 e6 2. d4 d5 3. Nc3 Bb4 4. Bd3 dxe4 5. Bxe4 Nf6 6. Bd3 0-0 7. Nf3 Nc6 8. 0-0 Re8 9. Ne4 Be7 10. c3 b6 11. Bb5 Bd7 12. Nxf6+ Bxf6 13. Qa4 Nb8 14. Bf4 c6 15. Bd3 c5 16. Qc2 g6 17. dxc5 Nc6 18. cxb6 axb6 19. Rfd1 e5 20. Be3 Qc7 21. Be4 Be6 22. Ng5 Bc4 23. b3 Ba6 24. a3 Rad8 25. Bd5 Rxd5 26. Rxd5 Ne7 27. Rdd1 Nf5 28. Ne4 Bg7 29. Bg5 Qc6 30. f3 h6 31. Bc1 Nd4 32. Qb2 Ne2+ 33. Kh1 f5 34. Rd6 Qc7 35. Bxh6 fxe4 36. Rxg6 Re7 37. fxe4 Kh7 38. Rxg7+ Rxg7 39. Bxg7 Qxg7 40. c4 Nf4 41. Qf2 Bb7 42. Rd1 Qe7 43. Qxb6 Bxe4 44. Rd2 Qg7 45. Kg1 Bxg2 46. Kf2 Nh3+ 47. Ke1 Bf3 48. Rd6 e4 49. Qd4 Qg2 50. Rd7+ Kg8 51. Qd5+ Kh8 52. Qe5+ Kg8 1-0

[Event "Kuala Lumpur UM KPT op"]
[Site "Kuala Lumpur"]
[Date "2016.12.18"]
[Round "8"]
[White "Leong, Qing Ling"]
[Black "Ibnu, Iwan Schani"]
[Result "0-1"]
[WhiteElo "1110"]
[BlackElo "1581"]
[PlyCount "102"]
[EventDate "2016.12.16"]
[EventType "swiss"]
[EventRounds "9"]
[EventCountry "MAS"]
[SourceTitle "CBM 176 Extra"]
[Source "ChessBase"]
[SourceDate "2017.03.02"]
[SourceVersion "1"]
[SourceVersionDate "2017.03.02"]
[SourceQuality "1"]

1. d4 Nf6 2. Nf3 g6 3. Bf4 Bg7 4. e3 d5 5. Nc3 a6 6. h3 0-0 7. Bd3 c5 8. 0-0 cxd4 9. exd4 Nc6 10. Ne2 Qb6 11. b3 Nh5 12. Be3 f5 13. Qc1 Qc7 14. c4 Nb4 15. Bb1 dxc4 16. Qxc4+ Qxc4 17. bxc4 Nc6 18. a3 f4 19. Bd2 e5 20. dxe5 Nxe5 21. Nxe5 Bxe5 22. Bc3 Bxc3 23. Nxc3 f3 24. g4 Nf4 25. Nd5 Nxh3+ 26. Kh2 Nf4 27. Ne7+ Kg7 28. Nxc8 Raxc8 29. Be4 Rxc4 30. Bxf3 b6 31. Rad1 Rc3 32. Rd7+ Kh6 33. Rh1 Kg5 34. Bd1 Rxa3 35. Rxh7 Ra2 36. Kg3 a5 37. Re7 Rxf2 38. Kxf2 Nd5+ 39. Kg3 Nxe7 40. Re1 Rd8 41. Rxe7 Rxd1 42. Re5+ Kf6 43. Rb5 Rd3+ 44. Kf4 Rd4+ 45. Kf3 Rb4 46. Rd5 a4 47. Rd6+ Kg5 48. Rd5+ Kh6 49. g5+ Kh5 50. Rd2 Kxg5 51. Rd5+ Kh6 0-1

[Event "Kuala Lumpur UM KPT op"]
[Site "Kuala Lumpur"]
[Date "2016.12.17"]
[Round "4"]
[White "Chong, Bok Siong"]
[Black "Ibnu, Iwan Schani"]
[Result "0-1"]
[WhiteElo "1302"]
[BlackElo "1581"]
[PlyCount "132"]
[EventDate "2016.12.16"]
[EventType "swiss"]
[EventRounds "9"]
[EventCountry "MAS"]
[SourceTitle "CBM 176 Extra"]
[Source "ChessBase"]
[SourceDate "2017.03.02"]
[SourceVersion "1"]
[SourceVersionDate "2017.03.02"]
[SourceQuality "1"]

1. e4 c5 2. d4 cxd4 3. c3 dxc3 4. Nxc3 Nc6 5. Bc4 e6 6. Nf3 Nf6 7. 0-0 Be7 8. e5 Ng4 9. Bf4 a6 10. h3 Nh6 11. Bxh6 gxh6 12. Qd2 Qc7 13. Rfe1 d5 14. exd6 Bxd6 15. Qxh6 Ne5 16. Nxe5 Bxe5 17. Bb3 Bd7 18. Rac1 Qb8 19. g3 Bxg3 20. fxg3 Qxg3+ 21. Kh1 Bc6+ 22. Bd5 Bxd5+ 23. Nxd5 Qf3+ 24. Kh2 Qxd5 25. Qg7 Rf8 26. Rcd1 Qf5 27. Qd4 Qc2+ 28. Kh1 Qc6+ 29. Kh2 Qc7+ 30. Kh1 Rg8 31. Rd2 Rd8 32. Qa4+ Qc6+ 33. Qxc6+ bxc6 34. Rc2 Rd6 35. Rec1 Ke7 36. Rf2 f5 37. b4 Rg3 38. Rfc2 Rxh3+ 39. Kg2 Ra3 40. Rh1 Rd4 41. Rxh7+ Kd6 42. Rb2 Rad3 43. Kf1 Rd2 44. Rh2 Rxh2 45. Rxh2 Rxb4 46. Rd2+ Ke5 47. Rc2 Kd5 48. Rd2+ Rd4 49. Rb2 a5 50. Kf2 e5 51. Ke2 a4 52. Ke1 e4 53. Rf2 Ke5 54. Rc2 f4 55. Rxc6 e3 56. Rc2 Ke4 57. Rb2 f3 58. Rc2 Rb4 59. Kd1 Rb1+ 60. Rc1 Rxc1+ 61. Kxc1 f2 62. a3 f1Q+ 63. Kb2 Kd3 64. Ka2 Qe2+ 65. Kb1 Kc3 66. Ka1 Qb2# 0-1